00937nam a2200265 i 450000100060000000300090000600500170001500700030003200800410003502000180007608000110009408000280010510000310013324500540016426000680021830000270028650000150031350400330032865000470036165000800040865000220048885200220051099900170053295201220054913706ES-MaACL20230906150639.0t|980602s1988 sp ||||1| spa d a0-674-47490-2 a933.14 a930.85(=924):930.85(38)1 aBickerman, Elias J.92878014aThe jews in the Greek age / cElias J. Bickerman. aCambridge, Massachusetts : bHarvard University Press, c[1988] aXII, 338 p. ; c24 cm. aÍndices. aBibliografía : p. 313-327. 4aJudíos-xHistoria-yHasta 70 d.C.913997 4aJudaísmo-vHistoria-y586 a.C.-210 d.C., Período postexílico.9173634 4aHelenismo.913298 aES-MaACLjL-21052 c13706d13706 00104070aATENEOMbATENEOMcDEPO2d2008-01-17eSCl0oL-21052p1013950r2023-02-23 00:00:00w2023-02-23yMONOGRAFIA